[Event "Bucaramanga Meneses Memorial"]
[Site "Bucaramanga"]
[Date "2022.07.20"]
[Round "1"]
[White "Acosta Cruz, Luis Ivan"]
[Black "Hurtado Paez, Andres Jesus"]
[Result "1-0"]
[WhiteElo "1637"]
[BlackElo "1355"]
[PlyCount "97"]
[EventDate "2022.07.20"]
[EventType "swiss"]
[EventRounds "8"]
[EventCountry "COL"]
[SourceTitle "EXT 2024"]
[Source "ChessBase"]
[SourceDate "2023.10.10"]
[SourceVersion "1"]
[SourceVersionDate "2023.10.10"]
[SourceQuality "1"]

1. Nf3 d5 2. d4 e6 3. c4 dxc4 4. e4 c5 5. Bxc4 cxd4 6. Qxd4 Qxd4 7. Nxd4 Bc5 8. Nb3 Bb6 9. Nc3 Bd7 10. 0-0 Ne7 11. Bg5 Ng6 12. Nb5 0-0 13. Rad1 h6 14. Bc1 Ne5 15. Be2 Bc6 16. Nc3 Nbd7 17. Kh1 f5 18. f4 Ng6 19. exf5 exf5 20. Nd4 Bxd4 21. Rxd4 Nf6 22. Bf3 Bxf3 23. Rxf3 Rfe8 24. Rf1 Rad8 25. Rxd8 Rxd8 26. g3 a6 27. Kg2 Nf8 28. Re1 N8d7 29. Rd1 Re8 30. Kf3 Nc5 31. Be3 Ne6 32. Bd4 Ng4 33. h3 Nxd4+ 34. Rxd4 Nf6 35. g4 fxg4+ 36. hxg4 Re7 37. g5 hxg5 38. fxg5 Nd7 39. Kg4 Ne5+ 40. Kf4 Kf7 41. Ne4 Nc6 42. Rd6 Ne5 43. Kf5 g6+ 44. Kf4 Nc4 45. Rf6+ Kg7 46. b3 Ne5 47. Rd6 Nc6 48. Nf6 Nb4 49. a4 1-0

[Event "Feria de las Flores 28th"]
[Site "Medellin"]
[Date "2021.08.06"]
[Round "4"]
[White "Valdes, Nicolas"]
[Black "Hurtado Paez, Andres Jesus"]
[Result "1-0"]
[WhiteElo "1928"]
[BlackElo "1549"]
[PlyCount "45"]
[EventDate "2021.08.04"]
[EventType "swiss"]
[EventRounds "9"]
[EventCountry "COL"]
[SourceTitle "EXT 2022"]
[Source "ChessBase"]
[SourceDate "2021.10.06"]
[SourceVersion "1"]
[SourceVersionDate "2021.10.06"]
[SourceQuality "1"]

1. d4 d5 2. c4 c6 3. Nf3 Bf5 4. Nc3 Nf6 5. Qb3 Qb6 6. c5 Qxb3 7. axb3 e6 8. b4 Na6 9. b5 Nb4 10. Ra4 Nc2+ 11. Kd1 Ng4 12. e4 dxe4 13. Kxc2 exf3+ 14. Kb3 fxg2 15. Bxg2 Nxf2 16. bxc6 Rb8 17. cxb7 Nxh1 18. Rxa7 Be7 19. Bc6+ Kd8 20. Bf4 Rxb7+ 21. Rxb7 e5 22. Bxe5 Bc8 23. Bc7# 1-0

[Event "Calle Region-ch U1700"]
[Site "Calle"]
[Date "2020.02.22"]
[Round "2.6"]
[White "Hurtado Paez, Andres Jesus"]
[Black "Mendez Soto, Samuel Felipe"]
[Result "0-1"]
[WhiteElo "1306"]
[BlackElo "1631"]
[PlyCount "38"]
[EventDate "2020.02.21"]
[EventType "swiss"]
[EventRounds "6"]
[EventCountry "COL"]
[SourceTitle "EXT 2024"]
[Source "ChessBase"]
[SourceDate "2023.10.10"]
[SourceVersion "1"]
[SourceVersionDate "2023.10.10"]
[SourceQuality "1"]

1. e4 e6 2. Nf3 d5 3. e5 c5 4. d4 Nc6 5. Bb5 a6 6. Bxc6+ bxc6 7. 0-0 Be7 8. dxc5 Bxc5 9. Ng5 Nh6 10. Nh3 Nf5 11. Qf3 Qb6 12. b3 Bd4 13. Nc3 Bxe5 14. Na4 Qc7 15. Bf4 Nd4 16. Qg4 Bxf4 17. Nxf4 Qxf4 18. Qxf4 Ne2+ 19. Kh1 Nxf4 0-1